| 000 | 00771nam a2200253 i 4500 | ||
|---|---|---|---|
| 001 | bg | ||
| 100 | 1 | _aMAROSZEK, Krystyna | |
| 245 | 1 | 0 |
_aPodstawy psychologii / _cKrystyna Maroszek, Ewa Dubowik, Ryszard Kościelak ; Akademia Wychowania Fizycznego w Gdańsku. |
| 260 |
_aGdańsk : _bWydaw. Uczelniane AWF, _c1994. |
||
| 300 |
_a160 s. : _brys. ; _c24 cm. |
||
| 504 | _aBibliogr. przy rozdz. | ||
| 521 | _aDla studentów Akademii Wychowania Fizycznego. | ||
| 650 | 9 | _aPsychologia | |
| 655 | _aPodręczniki akademickie | ||
| 700 | 1 | _aDUBOWIK, Ewa | |
| 700 | 1 | _aKOŚCIELAK, Ryszard | |
| 020 | _a838596875X | ||
| 040 | _cBPK | ||
| 041 | 0 | _apl | |
| 080 | _a159.9(075.8) | ||
| 920 | _a83-85968-75-X | ||
| 942 | _cKS | ||
| 008 | s pl f |000 0 pol | ||
| 999 |
_c24551 _d24551 |
||
| 856 |
_uhttp://koha.tu.koszalin.pl/cgi-bin/koha/opac-detail.pl?biblionumber=24551 _yKatalog online BPK |
||